000 00537nam a2200193Ia 4500
003 LK-CoDNM
008 010623t1885 xxu||||| |||| 00| 1 sin d
040 _aLK-CoDNM
_dLK-CoDNM
_eLK-CoDNM
041 _asin
080 _a50
_bB 3
100 _aDe Silva,Symon
_eed..
245 _aගොවි කර්මාන්ත උපදේශය
246 _aA Primer of Agriculture
260 _bG.J.A.Skeen
_aColombo
_c1885
300 _b118p., 15 cm
650 _aAgricultural Instructions
700 _aGreen,Henry Watkins
942 _cBK
999 _c82632
_d82632